000 01067nam a2200277 i 4500
001 104997
003 ES-MaACL
005 20230906183741.0
007 t|
008 050606s1966 sp ||||1| spa d
080 _a75 Cruz de Castro, Francisco (083.82)
100 1 _aCruz de Castro, Francisco.
_941820
245 1 0 _aCruz de Castro
_b: [exposición, Sala del Prado del Ateneo de Madrid, febrero de 1966] /
_c[Texto: Manolo Millares].
260 _a[Madrid] :
_bPublicaciones Españolas,
_c[1966]
300 _a[20] p. :
_bil. ;
_c23 cm.
490 1 _aCuadernos de arte. Serie divulgación ;
_v43
600 1 4 _aCruz de Castro, Francisco-
_vExposiciones.
_941821
610 2 7 _aAteneo de Madrid-
_vExposiciones-
_y1960-1969.
_91920
655 7 _2tgfbne
_9193628
_aCatálogos de exposiciones
700 1 _aMillares, Manolo.
_981173
710 2 _aAteneo de Madrid.
_bSala del Prado.
_91965
830 0 _aCuadernos de arte. Serie divulgación ;
_v43
_9184876
852 _aES-MaACL
_j2204-F-20
_bR.137531
942 _2udc
999 _c104997
_d104997